| 000 | 00466cam a22001457a 4500 | ||
|---|---|---|---|
| 008 | 180718b1996 xxu||||| |||| 00| 0 eng d | ||
| 082 | _aAPPPA 95-96 SHA/K | ||
| 100 | _aSharma, K.K. | ||
| 245 |
_aAppraisal of structural measures of flood control in Delhi _cby K.K. Sharma |
||
| 260 |
_aNew Delhi _bIndian Institute of Public Administration _c1996 |
||
| 300 | _a114p. | ||
| 650 | _aAPPPA | ||
| 650 | _aFloods - Delhi - India | ||
| 650 | _aFlood control - Delhi -India | ||
| 999 |
_c481464 _d481464 |
||